000 00601nam a22001937a 4500
005 20140925105425.0
010 _aENG-110920
020 _a9788120350281
_c195.00
035 _aEN-94452
037 _bDBAD/PUB
082 _a332.6019
100 _aSulphey, M.M.
245 _aBehavioural finance /
_cby M.M. Sulphey
260 _aNew Delhi
_bPHI Learning
_c2014
270 _aRimjhim House, 111, Patparganj Industrial Estate
_bNew Delhi
_e110092
300 _axiv,194p.
_c24cm(pbk)
500 _aIncludes bibliographical references and index
942 _2ddc
_cEN
_mSUL
_h332.6019
999 _c88918
_d88918